| 000 | 01596nam0a2200361 4500 | ||
|---|---|---|---|
| 001 | RU\NLR\bibl\157283 | ||
| 005 | 20260407004700.0 | ||
| 010 |
_a5-02-031588-5 _91000 |
||
| 021 |
_aRU _b2000-43225 _92001 |
||
| 035 | _a(NLR Aleph) 000154257 | ||
| 090 |
_a885943 _c885943 |
||
| 100 | _a20010523d2000 |||y0rusy50 ca | ||
| 101 | 0 | _arus | |
| 102 | _aRU | ||
| 105 | _aa ||||||||| | ||
| 200 | 1 |
_aСотрясение головного мозга _f[Б.А. Саркисян, Н.В. Бастуев, И.В. Паньков, В.С. Трубченков _gАссоц. "Судеб. медики Сибири", Алт. гос. мед. ун-т] |
|
| 210 |
_aНовосибирск _cНаука. Сиб. изд. фирма РАН _d2000 |
||
| 215 |
_a102,[1] с. _cил. _d22 |
||
| 320 | _aБиблиогр.: с. 95-102 | ||
| 606 | 0 |
_aГоловной мозг _xСотрясение _91257237 _3RU\NLR\auth\66198280 |
|
| 686 | _aР638.772 | ||
| 686 | _aР811.24 | ||
| 701 | 1 |
_aСаркисян _bБ. А. _gБаграт Амаякович _4070 |
|
| 701 | 1 |
_aБастуев _bН. В. _gНиколай Васильевич _4070 |
|
| 701 | 1 |
_aПаньков _bИ. В. _gИгорь Васильевич _4070 |
|
| 701 | 1 |
_aТрубченков _bВ. С. _gВалентин Сергеевич _4070 |
|
| 712 | 0 | 2 |
_4570 _a"Судебные медики Сибири", ассоциация _cНовосибирск _3RU\NLR\AUTH\889995624 _9488223 |
| 801 | 0 |
_aRU _bNLR _c20010523 _gPSBO |
|
| 801 | 1 |
_aRU _bNLR _c20010523 |
|
| 830 | _aАвт. по кн. | ||
| 942 | _cBOOK | ||
| 980 | _aNB | ||